000
00230nam a22001097a 4500
082
_a
621.3841366WAR
100
_a
Warring R H
245
_a
Modern Transistor radios
260
_a
London
_b
Lutter
_c
1976
300
_a
32
942
_c
BK
999
_c
12268
_d
12268